Improving financial literacy analysis of issues and policies
Salvato in:
| Natura: | Libro |
|---|---|
| Lingua: | inglese |
| Pubblicazione: |
Paris
OECD
2005
|
| Soggetti: | |
| Tags: |
Nessun Tag, puoi essere il primo ad aggiungerne!!
|
MARC
| LEADER | 00000nam$a2200000$$$4500 | ||
|---|---|---|---|
| 001 | 0054370 | ||
| 005 | 20221129082657.0 | ||
| 020 | |a 92-64-01256-7 | ||
| 041 | 0 | |a eng | |
| 044 | |a FR | ||
| 245 | 1 | 0 | |a Improving financial literacy |b analysis of issues and policies |
| 264 | 1 | |a Paris |b OECD |c 2005 | |
| 300 | |a 177 s. | ||
| 610 | 2 | 0 | |a inžinierstvo finančné |
| 610 | 2 | 0 | |a nástroje finančné |
| 610 | 2 | 0 | |a investovanie |
| 610 | 2 | 0 | |a investície finančné |
| 610 | 2 | 0 | |a vzdelanie |
| 610 | 2 | 0 | |a vzdelávanie |